Les citations latines - Statistiques

Statistiques générales
  • Ce quiz a été pris 843 fois
    826 depuis la dernière actualisation
  • Le résultat moyen est 5 sur 16
Statistiques - réponses
Français Latin % Correct
Je suis venu, j'ai vu, j'ai vaincu. VENI VIDI VICI
82%
Recule, Satan ! VADE RETRO, SATANAS !
71%
La loi est dure, mais c'est la loi DURA LEX, SED LEX
61%
Dans le vin la vérité. IN VINO VERITAS
60%
L'erreur est humaine ERRARE HUMANUM EST
51%
Si tu veux la paix, prépare la guerre SI VIS PACEM PARA BELLUM
41%
Un esprit sain dans un corps sain. MENS SANA IN CORPORE SANO
31%
Que la lumière soit ! FIAT LUX
30%
Ô, temps ! Ô moeurs ! O TEMPORA ! O MORES !
29%
À la ville et au monde. URBI ET ORBI
25%
Qu'il repose en paix. REQUIESCAT IN PACE
19%
Les choses répétées plaisent BIS REPETITA PLACENT
12%
Ainsi passe la gloire du monde. SIC TRANSIT GLORIA MUNDI
12%
Tel prince, telle religion CUJUS REGIO EJUS RELIGIO
6%
Lève-toi et marche ! SURGE ET AMBULA !
3%
Bonus : Ça veut rien dire, mais je trouve que ça boucle bien ODI PANEM QUID MELIORA
2%
Aucun quiz correspondant
Distribution des résultats
% des personnes avec chaque résultat
Percentile par nombre de réponses
Votre historique - résultats
Vous n’avez pas pris ce quiz depuis la dernière actualisation